International bulletin (Record no. 112655)

MARC details
000 -LEADER
fixed length control field 01191cad a22002055a 4500
001 - CONTROL NUMBER
control field L153698
008 - FIXED-LENGTH DATA ELEMENTS--GENERAL INFORMATION
fixed length control field 110818s2011 xxk 000 0 eng d
035 ## - SYSTEM CONTROL NUMBER
System control number (Sirsi) u153698
041 0# - LANGUAGE CODE
Language code of text/sound track or separate title eng
110 2# - MAIN ENTRY--CORPORATE NAME
Corporate name or jurisdiction name as entry element EC Harris
9 (RLIN) 4930
245 00 - TITLE STATEMENT
Title International bulletin
Remainder of title Summer 2011, rapid growth in emerging markets creates 2-speed recovery
Medium [electronic resource]
260 ## - PUBLICATION, DISTRIBUTION, ETC.
Place of publication, distribution, etc. [S.l.]
Name of publisher, distributor, etc. ECHarris
Date of publication, distribution, etc. 2011
490 #0 - SERIES STATEMENT
Series statement EC Harris Research International Bulletin
520 ## - SUMMARY, ETC.
Summary, etc. Construction costs in the UK have slipped a couple of places down the 'league table' of international costs and the UK is now 10th in Europe and 14th overall, compared to all countries covered in the EC Harris survey of International construction costs. Looks at commodity prices, an overview of construction costs in Europe, North America, Middle East and Asia Pacific; graphs illustrating international cost comparisons and worldwide economic growth (2011-2012).
590 ## - LOCAL NOTE (RLIN)
Local note KA NTK
651 #4 - SUBJECT ADDED ENTRY--GEOGRAPHIC NAME
Geographic name International
690 ## - LOCAL SUBJECT ADDED ENTRY--TOPICAL TERM (OCLC, RLIN)
Topical term or geographic name as entry element BUILT ENVIRONMENT-CONSTRUCTION MARKET
856 40 - ELECTRONIC LOCATION AND ACCESS
Uniform Resource Identifier <a href="https://www.echarris.com/pdf/International%20Bulletin%202011%20FINAL.pdf">https://www.echarris.com/pdf/International%20Bulletin%202011%20FINAL.pdf</a>
Public note View the item free of charge at www.echarris.com
942 ## - ADDED ENTRY ELEMENTS (KOHA)
Suppress in OPAC 0
Holdings
Withdrawn status Lost status Source of classification or shelving scheme Damaged status Not for loan Home library Current library Shelving location Date acquired Total Checkouts Full call number Barcode Date last seen Copy number Price effective from Koha item type
    Dewey Decimal Classification     Virtual Virtual Online 18/08/2011   ONLINE PUBLICATION 153698-2001 06/08/2019 1 06/08/2019 Book